| Tag |
First Indicator |
Second Indicator |
Subfields |
| LEADER |
00000cam a2200000Ii 4500 |
| 001 |
in00003970821 |
| 005 |
20180430124648.0 |
| 008 |
180201s1969 txua s000 0 eng d |
| 035 |
|
|
|a (OCoLC)on1021205095
|
| 035 |
|
|
|a (OCoLC)1021205095
|
| 040 |
|
|
|a TXA
|b eng
|e rda
|c TXA
|d TXA
|d UtOrBLW
|
| 049 |
|
|
|a TXAM
|
| 086 |
|
|
|a Z TA245.7 L47 no. L-874
|2 txdocs
|
| 090 |
|
|
|a S544.3.T4
|b T273 no. L-874
|
| 100 |
1 |
|
|a Roberts, Hazel L.,
|e author.
|
| 245 |
1 |
0 |
|a Buying children's clothes /
|c Hazel L. Roberts, Fannie Brown Eaton, Kay Elmore, Graham Hard, Extension Clothing Specialists, Texas A&M University.
|
| 264 |
|
1 |
|a College Station :
|b Texas A&M University, Agricultural Extension Service,
|c [1969]
|
| 300 |
|
|
|a 2 unnumbered pages :
|b illustrations.
|
| 336 |
|
|
|a text
|b txt
|2 rdacontent
|
| 337 |
|
|
|a unmediated
|b n
|2 rdamedia
|
| 338 |
|
|
|a volume
|b nc
|2 rdacarrier
|
| 490 |
1 |
|
|a L / [Texas Agricultural Extension Service] ;
|v 874
|
| 500 |
|
|
|a Title from caption.
|
| 500 |
|
|
|a "Fact sheet"
|
| 500 |
|
|
|a "10M--11-69"
|
| 500 |
|
|
|a The United States Department of Agriculture cooperating.
|
| 650 |
|
0 |
|a Children's clothing
|x Purchasing.
|
| 650 |
|
0 |
|a Children's clothing
|x Sizes.
|0 http://id.loc.gov/authorities/subjects/sh99001382
|
| 650 |
|
3 |
|a clothing.
|
| 650 |
|
3 |
|a clothing selection.
|
| 650 |
|
3 |
|a children.
|
| 650 |
|
3 |
|a fabrics.
|
| 653 |
|
|
|a size height weight chart
|
| 700 |
1 |
|
|a Eaton, Fannie Brown,
|e author.
|
| 700 |
1 |
|
|a Elmore, Kay,
|e author.
|
| 700 |
1 |
|
|a Hard, Graham,
|e author.
|
| 710 |
1 |
|
|a United States.
|b Department of Agriculture,
|e issuing body.
|0 http://id.loc.gov/authorities/names/n79008243
|
| 710 |
2 |
|
|a Texas Agricultural Extension Service,
|e issuing body.
|0 http://id.loc.gov/authorities/names/n80010192
|
| 830 |
|
0 |
|a Leaflet (Texas Agricultural Extension Service) ;
|v 874.
|
| 856 |
4 |
1 |
|z Available online via OAK Trust Repository
|u http://oaktrust.library.tamu.edu/handle/1969.1/164884
|t 0
|
| 948 |
|
|
|a cataloged
|b h
|c 2018/2/1
|d o
|e nbehmer
|f 2:05:09 pm
|
| 994 |
|
|
|a C0
|b TXA
|
| 999 |
f |
f |
|s 62efd4ee-7cc5-3356-bb42-553da642a351
|i 08ced446-8afe-3e49-a532-33003b4b4a0e
|t 0
|
| 952 |
f |
f |
|a Texas A&M University
|b College Station
|c Electronic Resources
|d Available Online
|t 0
|e Z TA245.7 L47 no. L-874
|g Electronic
|h Superintendent of Documents classification
|
| 998 |
f |
f |
|a Z TA245.7 L47 no. L-874
|t 0
|l Available Online
|